Reservation support, opposition and our position / (Record no. 42214)

MARC details
000 -LEADER
fixed length control field 00761nam a22002057a 4500
005 - DATE AND TIME OF LATEST TRANSACTION
control field 2010081401351.0
010 ## - LCCN (DPL NO)
LC control number ENG-100659
020 ## - INTERNATIONAL STANDARD BOOK NUMBER
International Standard Book Number 9788190623575
Terms of availability 10.00
035 ## - SYSTEM CONTROL NUMBER
System control number EN-84192
037 ## - SOURCE OF ACQUISITION
Source of stock number/acquisition DBAD/PUB
082 ## - DEWEY DECIMAL CLASSIFICATION NUMBER
Classification number 305.5688
245 ## - TITLE STATEMENT
Title Reservation support, opposition and our position /
Statement of responsibility, etc translated from by Shivani
260 ## - PUBLICATION, DISTRIBUTION, ETC. (IMPRINT)
Place of publication, distribution, etc Lucknow
Name of publisher, distributor, etc Rahul Foundation
Date of publication, distribution, etc 2008
270 ## - ADDRESS
City Lucknow
Postal code 226006
Address 69, Baba Ka Purwa, Paper Mill Road, Nishatgunj,
300 ## - PHYSICAL DESCRIPTION
Extent 26p.
Dimensions 21cm (pbk)
490 ## - SERIES STATEMENT
Series statement Ahwan Reprint series-2
-- 14127
700 ## - ADDED ENTRY--PERSONAL NAME
Personal name Shivani
9 (RLIN) 14128
942 ## - ADDED ENTRY ELEMENTS (KOHA)
Source of classification or shelving scheme Dewey Decimal Classification
Item type English Books
Classification part 305.5688
Call number suffix RES
Holdings
Withdrawn status Lost status Not for loan Collection code Home library Current library Date acquired Source of acquisition Cost, normal purchase price Full call number Barcode Copy number Cost, replacement price Koha item type
    Not For Loan Non-fiction D.B.Act.Division D.B.Act.Division 16/08/2010 DBAD/PUB 10.00 305.5688 RES EN-84192 1 10.00 English Books

© Delhi Public Library
Hit Counter
free hit counter